| 000 | 00523agd a2200205 4500 | ||
|---|---|---|---|
| 005 | 20170606180856.0 | ||
| 008 | 150610b xxu||||| |||| 00| 0 spa d | ||
| 041 | _aEspañol | ||
| 082 | _a235 DVD | ||
| 100 |
_aTschohl, John _95947 |
||
| 245 | _aDesarrollo de trabajo en equipo | ||
| 260 | _aMéxico | ||
| 260 | _c2004 | ||
| 300 | _a17 minutos | ||
| 650 |
_aSERVICIO AL CLIENTE _91558 |
||
| 650 |
_aTRABAJO EN EQUIPO _9731 |
||
| 650 |
_aCOMUNICACIÓN _9490 |
||
| 650 |
_aESTRATEGIAS DE TRABAJO _942952 |
||
| 942 | _cDVD | ||
| 999 |
_c9522 _d9522 |
||